| 000 | 00638nam a2200193 a 4500 | ||
|---|---|---|---|
| 005 | 20210219160204.0 | ||
| 008 | 080924s2000 mx r 000 0 spa d | ||
| 020 | _a9701811089 | ||
| 035 | _aUPN01000160501 | ||
| 049 | _aUNE | ||
| 080 | _aOC 31: 027.3/.4 (72) "1995" EST. | ||
| 245 | 0 | 0 | _aEstadística básica del sistema nacional de bibliotecas, 1995. -- |
| 260 | _aMéxico : SEP, 1998. | ||
| 300 | _a263 p.; 27 x | ||
| 690 | _aBibliotecas publicas- Estadisticas- Mexico | ||
| 690 | _aProgramación y Presupuesto. | ||
| 710 | 2 | _aMéxico. Secretaría de Educación Pública. Dirección General de Planeación, | |
| 905 | _aUNESCO | ||
| 999 |
_c132614 _d132614 |
||